000 01448nam a2200337 a 4500
001 ebr10392703
003 CaPaEBR
006 m u
007 cr cn|||||||||
008 971209s1998 enka sb 001 0 eng
010 _z 97062469
020 _z0761955232
020 _z0761955240 (pbk.)
020 _z9780761955238
020 _z9780857026101 (e-book)
040 _aCaPaEBR
_cCaPaEBR
035 _a(OCoLC)648772680
050 1 4 _aHM131
_b.S58434 1998eb
082 0 4 _a305
_221
245 0 0 _aSocial identity
_h[electronic resource] :
_binternational perspectives /
_cedited by Stephen Worchel ... [et al.].
260 _aLondon ;
_aThousand Oaks, Calif. :
_bSage,
_c1998.
300 _axix, 263 p. :
_bill.
504 _aIncludes bibliographical references (p. [230]-254) and index.
505 0 _apt. 1. Representations of self and group -- pt. 2. Establishing group identity -- pt. 3. Identity and group/intergroup process -- pt. 4. The impact of culture on identity and categorization.
533 _aElectronic reproduction.
_bPalo Alto, Calif. :
_cebrary,
_d2013.
_nAvailable via World Wide Web.
_nAccess may be limited to ebrary affiliated libraries.
650 0 _aGroup identity.
655 7 _aElectronic books.
_2local
700 1 _aWorchel, Stephen.
710 2 _aebrary, Inc.
856 4 0 _uhttp://site.ebrary.com/lib/rucke/Doc?id=10392703
_zAn electronic book accessible through the World Wide Web; click to view
999 _c89006
_d89006